000 01178nam0a2200313 4500
001 RU\NLR\bibl\487107
005 20250623194240.0
021 _aRU
_b2003-31857п
_91246
035 _a(NLR Aleph) 000479806
090 _a1046469
_c1046469
100 _a20020529d2002 |||y0rusy50 ca
101 0 _arus
102 _aRU
105 _aac |||||||||
200 1 _aАндрей Монастырский
_e[Сб. ст.]
210 _aМ.
_cБ.и.
_d2002
215 _a103,[1] с.
_cил., портр.
_d23
225 1 _aХудожественный журнал
_eХЖ
_vN 1 (42): Спец. вып.
309 _aОписано по обл. На тит. л. только загл. сер.
600 1 _aМонастырский
_bА. В.
_f1949
_gАндрей Викторович
_jСборники
_92317764
_3RU\NLR\auth\661386765
606 0 _aИскусство русское советское
_jСборники
_9956730
_3RU\NLR\auth\6637703
686 _aШ5(2=Р)7-4Монастырский
686 _aЩ03(2Р=Рус)7я43
801 0 _aRU
_bNLR
_c20040205
_gPSBO
801 1 _aRU
_bNLR
_c20040205
852 _aNLR
_jП33/51
942 _cBOOK
980 _aNB